| 000 | 00540cam a22001337a 4500 | ||
|---|---|---|---|
| 008 | 180718b2003 xxu||||| |||| 00| 0 eng d | ||
| 020 | _a812301080X | ||
| 082 | _aA84x54 In2/2003 | ||
| 245 |
_aIndia, 2003: a reference annual _cby Research, Reference and Training Divison, Ministry of Information and Broadcasting |
||
| 260 |
_aNew Delhi _bMinistry of Information and Broadcasting _c2003 |
||
| 300 | _a938p. | ||
| 650 | _aIndia - Yearbooks | ||
| 700 | _aIndia. Ministry of Information and Broadcasting. Research, Reference and Training Division | ||
| 999 |
_c401087 _d401087 |
||